| 000 | 01747nam a2200385 i 4500 | ||
|---|---|---|---|
| 003 | EG-ScBUE | ||
| 005 | 20231129130618.0 | ||
| 008 | 170710s1982 le f 000 0 ara d | ||
| 040 |
_aEG-ScBUE _bara _erda _cEG-ScBUE _dEG-ScBUE |
||
| 041 | 1 |
_aara _hfre |
|
| 043 | _ae-fr--- | ||
| 082 | 0 | 4 |
_a944.0816 _bد ي ج _222 |
| 100 | 1 |
_aديجول، شارل، _d1970-1890، _eمؤلف. |
|
| 240 | 1 | 0 |
_aMemoires de guerre : l'unite, 1942-1944. _lArabic |
| 245 | 1 | 0 |
_aمذكرات الحرب : _bالوحدة (1942-1944) / _cالجنرال ديغول ؛ ترجمة عبد اللطيف شرارة ؛ مراجعة أحمد عويدات. |
| 250 | _aالطبعة الثانية. | ||
| 264 | 1 |
_aبيروت ؛ _aباريس : _bمنشورات البحر المتوسط : _bمنشورات عويدات، _c1982. |
|
| 300 |
_a587 صفحة ؛ _c24 سم |
||
| 336 |
_2rdacontent _aنص _btxt |
||
| 337 |
_aبدون وسيط _2rdamedia _bn |
||
| 338 |
_aمجلد _bnc _2rdacarrier |
||
| 500 | _aنشرت بالفرنسية : باريس : بلون، 1966. | ||
| 541 | _aإهداء من مكتبة مدبولي. | ||
| 546 | _aالنص باللغة العربية ؛ مترجم من اللغة الفرنسية. | ||
| 590 | _aWessam | ||
| 600 | 1 | 7 |
_aديجول، شارل، _d1970-1890 _vمذكرات. _2BUEsh |
| 650 | 7 |
_aالحرب العالمية الثانية، 1939-1945 _zفرنسا _vمذكرات شخصية. _2BUEsh |
|
| 651 | 7 |
_aفرنسا _xتاريخ _yالاحتلال الألماني، 1940-1945. _2BUEsh |
|
| 651 | 7 |
_aفرنسا _xتاريخ _yقرن 20. _2BUEsh |
|
| 653 |
_bBUSBOL _cJuly2017 |
||
| 655 | _vReading book | ||
| 700 | 1 |
_aشرارة، عبد اللطيف. _eمترجم. |
|
| 700 | 1 |
_aعويدات، أحمد. _eمراجع. |
|
| 942 | _2ddc | ||
| 999 |
_c25023 _d24995 |
||